000 02138aaa a2200349 a 4500
003 OSt
005 20230614113947.0
008 230303s2015 sp a||||r|||| 00| 0 spa d
020 _a9788484767077 (volumen 1)
020 _a9788484767091 (volumen 2)
020 _a9788484786896 (volumen 4)
020 _a9788484766933 (volumen 5)
020 _a9788484766902 (volumen 6)
020 _a9788484766919 (volumen 7)
040 _cCHAP
082 0 0 _222
_a631.87
_bD27
245 0 0 _aDe residuo a recurso. El camino hacia la sostenibilidad :
_blll. Recursos orgánicos : aspectos agronómicos y medioambientales /
_ccoordinadora María José López López ...[y otros siete].
264 1 _aMadrid :
_bRed Española de Compostaje ;
_bMundi-Prensa,
_c2015.
300 _aVolúmenes :
_bfiguras, tablas.
490 1 _aDe residuo a recurso.
504 _aIncluye bibliografía.
505 _aLa biblioteca tiene: v.1. Residuos orgánicos y agricultura intensiva / coordinador María José López López. -- v.2. Uso del compost como componentes de sustratos para el cultivo en contenedor / coordinador Alberto Masaguer Rodríguez. -- v.4. Residuos orgánicos en la restauración/rehabilitación de suelos degradados y contaminados / coordinador Francisco de Paula Cabrera Capitán. -- v.5. Vermicompostaje : procesos, productos y aplicaciones / coordinador Rogelio Nogales Vargas -Machuca. -- v.6. Compost y control biológico de las enfermedades de las plantas / coordinador Ma. Isabel Trillas-Gay. -- v.7. Uso agrícola de materiales digeridos: situación actual y perspectivas de futuro.
650 4 _9136060
_aResiduos orgánicos
_xAprovechamiento
650 4 _9152200
_aCompost
_xElaboración
650 4 _9110336
_aSuelos
_xDegradación
650 4 _9134024
_aVermicompost
_xAplicación
650 4 _927579
_aControl biológico de enfermedades
650 4 _9134402
_aDigestión anaeróbica
700 1 _9187406
_aLópez López, María José
_ecoordinadora.
830 0 _9186953
_aDe residuo a recurso.
_pEl camino hacia la sostenibilidad.
_vIII. Recursos orgánicos : Aspectos agronómicos y medioambientales.
942 _cLibro
_2ddc
999 _c218489
_d218489